A családi és a szexuális nevelés alapjai

Bibliographic Details
Main Authors: Prevendárová, Jitka (Author), Kubíčková, Gabriela, 1950- (Author)
Other Authors: Dudás, Anna (autorka učebníc) (Translator)
Format: Book
Language:Hungarian
PhysicalDescription:83 s. Ilustr., sch., tab. 24 cm
Published: Bratislava Slovenské pedagogické nakladateľstvo 1995
ISBN:8008007370
Edition:1. kiad.
Subjects:

MARC

LEADER 00000nam a2200000 a 4500
001 vtls001096619
003 SK-MaSNL
005 20260301001200.0
008 240314s1995 xo ap r y hun
015 |a SNBA1996/0400999 
020 |a 8008007370 
035 |a SNK000039461 
035 |a urn:nbn:sk:snk-amkeaz 
035 |a urn:nbn:sk:snk-am003vf6 
035 |a C28F5DCF-5331-4E01-99C5-8E05141C3F06 
040 |a SNK  |b slo  |c SNK  |e AACR2 
041 0 |a hun 
044 |a xo  |c SK 
080 |a 173+176:37.018.1(075.3)=945.11  |2 1981 
080 |a 176(075.3)=945.11  |2 1981 
080 |a 37.018.1(075.3)=945.11  |2 1981 
100 1 |a Prevendárová, Jitka  |4 aut  |9 12074 
245 1 0 |a A családi és a szexuális nevelés alapjai  |c Jitka Prevendárová, Gabriela Kubíčková ; [fordította Dudás Anna] 
250 |a 1. kiad. 
260 |a Bratislava  |b Slovenské pedagogické nakladateľstvo  |c 1995 
300 |a 83 s.  |b Ilustr., sch., tab.  |c 24 cm 
500 |a Súbež. náz. a tir. slov. 
650 0 7 |a výchova rodinná  |x učebnice stred. škôl maď.  |2 SNK  |9 279146 
650 0 7 |a sexuálna výchova  |2 SNK  |9 2589 
655 7 |a učebnice  |2 SNK  |9 22521 
700 1 |a Kubíčková, Gabriela,  |d 1950-  |4 aut  |9 10479 
700 1 |a Dudás, Anna  |c (autorka učebníc)  |4 trl  |9 43497 
919 |a 80-08-00737-0 
958 |a OND 
958 |a TL 
958 |a OP 
958 |a NS 
958 |a HU 
958 |a UC 
968 |a Mag  |b SLO 
999 |c 534340  |d 536270 
952 |t P60, <09>, [BOOK], {629}  |a SNK  |b SNK  |y NEVYP  |7 0  |o snkC 2059  |i snk4058/951201  |0 0  |1 0  |4 0  |d 1995-11-30  |l 0  |r 2004-12-31 00:00:00  |w 2026-02-23 
952 |t P60, <03>, [BOOK], {603}  |a SNK  |b SNK  |y PREZ  |7 0  |p 17A0000589  |o snkSC 90019  |i snkKSP 02348/96  |0 0  |1 0  |4 0  |d 1996-02-26  |f 1  |l 0  |r 2025-09-09 00:00:00  |w 2026-02-23 
952 |t P60, <04>, [BOOK], {604}  |a SNK  |b SNK  |y VYP  |7 0  |p 17A0000590  |o snkSC 90019 D1  |i snkKSP 02349/96  |0 0  |1 0  |4 0  |d 1996-02-26  |l 0  |r 2004-12-31 00:00:00  |w 2026-02-23